[Event "AUTO-INT-2357"]
[Site "http://www.queenalice.com/game.php?id=1074380"]
[Date "2012.6.20"]
[Round "1"]
[White "Bunecov"]
[Black "vult0"]
[Result "0-1"]
[WhiteElo "1614"]
[BlackElo "1585"]

1. e4 e5 2. d3 d6 3. Nh3 Nc6 4. c3 Nge7 5. Bg5 f6 6. Be3 Ng6 7. g3 Be7 8. a3 Be6
9. b4 a6 10. f4 f5 11. Ng5 Bd7 12. Be2 Bxg5 13. fxg5 Qe7 14. h4 O-O-O 15. exf5
Bxf5 16. Bg4 Qe6 17. Bxf5 Qxf5 18. Rf1 Qh3 19. Nd2 Qxg3+ 20. Bf2 Qxd3 21. Rc1
Nf4 22. Nb3 Ng2# 0-1

[Event "AUTO-INT-2357"]
[Site "http://www.queenalice.com/game.php?id=1074381"]
[Date "2012.6.20"]
[Round "1"]
[White "vult0"]
[Black "Bunecov"]
[Result "1-0"]
[WhiteElo "1696"]
[BlackElo "1619"]

1. e4 e5 2. Nf3 d6 3. c3 f6 4. d4 Nc6 5. Bc4 a6 6. O-O b5 7. Bb3 h5 8. Bd5 Bb7
9. Nh4 Nge7 10. Nf5 Nxf5 11. exf5 Na5 12. Be6 c6 13. Nd2 d5 14. Qf3 e4 15. Qf4
Bd6 16. Qh4 g5 17. Qh3 g4 18. Qe3 Bf8 19. b4 Nc4 20. Nxc4 bxc4 21. Qe2 Bc8 22.
a4 Bxe6 23. fxe6 Qd6 24. Be3 Qxe6 25. a5 f5 26. Bg5 Be7 27. Bf4 Rg8 28. g3 Bd6
29. Qe3 Bxf4 30. Qxf4 O-O-O 31. Rab1 Qd6 32. Qxf5+ Kb7 33. Qxh5 Rh8 34. Qxg4 Qh6
35. h4 Qd2 36. Rbc1 Rhf8 37. Qd1 Qh6 38. Kg2 e3 39. Qe2 exf2 40. Rc2 Rde8 41.
Qd1 Qe3 42. Rfxf2 Rxf2+ 43. Rxf2 Qxc3 44. Rf7+ Kb8 45. Kh3 Qxb4 46. Qg4 Qxa5 47.
Qd7 Rc8 48. Qa7# 1-0

[Event "Chico P"]
[Site "http://www.queenalice.com/game.php?id=1082760"]
[Date "2012.7.14"]
[Round "-"]
[White "Bunecov"]
[Black "chicobarretov"]
[Result "0-1"]
[WhiteElo "1591"]
[BlackElo "1934"]

1. e4 e5 2. d3 d5 3. exd5 Qxd5 4. f3 Be6 5. c4 Qd4 6. Nc3 Bb4 7. Ne2 Bxc3+ 8.
Nxc3 Nf6 9. Nb5 Qd7 10. b3 a6 11. Nc3 Nc6 12. g4 h6 13. Be3 Rd8 14. h3 O-O 15.
Bc5 Rfe8 16. Ne4 Nxe4 17. fxe4 b6 18. Be3 Nb4 19. Be2 Nxd3+ 20. Bxd3 Qxd3 21.
Qxd3 Rxd3 22. Ke2 Rd7 23. Rhf1 Red8 24. Rad1 a5 25. a4 Kf8 26. c5 Rxd1 27. Rxd1
Rxd1 28. Kxd1 Bxb3+ 29. Kd2 bxc5 30. Bxc5+ Ke8 31. Kc3 Bxa4 32. Kb2 g6 33. Be3
g5 34. Kc3 Bb5 35. Kb3 Kd7 36. Bc5 Bf1 37. Ka4 Bxh3 38. Bf8 Bxg4 39. Bxh6 Bd1+
40. Kxa5 g4 41. Be3 Bc2 42. Bf2 Bxe4 43. Bg3 f5 44. Bxe5 c6 45. Kb6 Ke6 46. Bf4
Kd5 47. Ka5 c5 48. Ka4 c4 49. Be3 g3 50. Kb4 Bd3 51. Kc3 Ke4 52. Bg1 f4 53. Kd2
f3 54. Kd1 f2 0-1

[Event "Challenge"]
[Site "http://www.queenalice.com/game.php?id=1088872"]
[Date "2012.7.30"]
[Round "-"]
[White "TheOperator"]
[Black "Bunecov"]
[Result "0-1"]
[WhiteElo "1542"]
[BlackElo "1587"]

1. e4 e5 2. Bd3 Nf6 3. Nf3 d6 4. Nc3 c6 5. b4 b5 6. a4 bxa4 7. Rxa4 a6 8. O-O a5
9. b5 cxb5 10. Nxb5 Bd7 11. Nxd6+ Bxd6 12. Nh4 Bxa4 13. Nf5 O-O 14. Qf3 Bc5 15.
Qg3 g6 16. Nh6+ Kg7 17. Qh4 Nc6 18. c3 Bb3 19. Bb5 Na7 20. Bd3 Qxd3 21. h3 Bc4
22. Re1 a4 23. Kh2 a3 24. Nf5+ gxf5 25. Qg5+ Kh8 26. Qxf6+ Kg8 27. Qxf5 Be6 28.
Qg5+ Kh8 29. Qxe5+ f6 30. Qxc5 a2 31. Bb2 Qxd2 32. Rb1 axb1=Q 0-1

[Event "AUTO-INT-2396"]
[Site "http://www.queenalice.com/game.php?id=1088940"]
[Date "2012.7.31"]
[Round "1"]
[White "Bunecov"]
[Black "jajerduco"]
[Result "0-1"]
[WhiteElo "1608"]
[BlackElo "1586"]

1. e4 f6 2. d4 Kf7 3. Bc4+ e6 4. b3 d5 5. Bb5 c6 6. Bd3 Ne7 7. Qh5+ g6 8. Qe2
Bg7 9. c3 Nd7 10. f3 g5 11. g3 h6 12. f4 Ng6 13. f5 exf5 14. exf5 Re8 15. Be3
Ne7 16. g4 b5 17. Na3 Qb6 18. O-O-O a6 19. b4 a5 20. bxa5 Qxa5 21. Nb1 Nb6 22.
Bc2 Qxa2 23. Kd2 Nc4+ 24. Ke1 Nxe3 25. Rd2 Nxc2+ 26. Rxc2 Qxb1+ 27. Kf2 Qb3 28.
Nf3 Ba6 29. Ra1 Nxf5 30. Qd3 Nd6 31. Rca2 Ne4+ 32. Kg1 Nxc3 33. Rxa6 Ne2+ 34.
Qxe2 Rxe2 35. Ne1 Rxa6 36. Rxa6 Rxe1+ 0-1

[Event "AUTO-INT-2396"]
[Site "http://www.queenalice.com/game.php?id=1088941"]
[Date "2012.7.31"]
[Round "1"]
[White "jajerduco"]
[Black "Bunecov"]
[Result "0-1"]
[WhiteElo "1565"]
[BlackElo "1589"]

1. b4 e5 2. Bb2 d6 3. e4 Nf6 4. d3 Bg4 5. f3 Be6 6. Ne2 g6 7. Nbc3 c6 8. a3 b5
9. g3 h5 10. Bg2 a5 11. h3 axb4 12. axb4 Rxa1 13. Qxa1 Bh6 14. O-O Be3+ 15. Kh2
O-O 16. Nd1 Bb6 17. g4 hxg4 18. fxg4 Nh7 19. Ng3 Ng5 20. Bxe5 dxe5 21. Qxe5 Nd7
22. Qd6 Bc7 23. Qxc6 Bxg3+ 24. Kxg3 Qb8+ 25. Kf2 Rc8 26. Qa6 Rxc2+ 27. Ke3 Rxg2
28. Nc3 Qg3+ 29. Kd4 Nf3+ 30. Rxf3 Qxf3 31. Qc8+ Kg7 32. Nxb5 Qf2+ 33. Kc3 Qc2+
34. Kd4 Qxc8 35. Nd6 Qb8 36. b5 Qb6+ 37. Kc3 Qc5+ 38. Nc4 Bxc4 39. dxc4 Qa3+ 40.
Kd4 Qc5+ 41. Kd3 Rg3+ 42. Ke2 Qxc4+ 43. Ke1 Qa2 44. Kd1 Rg1# 0-1

[Event "AUTO-INT-2396"]
[Site "http://www.queenalice.com/game.php?id=1088942"]
[Date "2012.7.31"]
[Round "1"]
[White "Bunecov"]
[Black "toinhoxdz"]
[Result "0-1"]
[WhiteElo "1589"]
[BlackElo "2019"]

1. e4 c5 2. Nf3 Nc6 3. c3 Nf6 4. d3 Qc7 5. g3 g6 6. h3 Bg7 7. Bf4 d6 8. Na3 e5
9. Bg5 a6 10. g4 Nd7 11. Nc4 b5 12. Ne3 f6 13. Bh4 g5 14. Bg3 Ne7 15. Bg2 Bb7
16. Nf5 Nxf5 17. gxf5 O-O-O 18. h4 h6 19. hxg5 hxg5 20. Rxh8 Rxh8 21. Qb3 c4 22.
dxc4 Nc5 23. Qc2 Bxe4 24. Qe2 bxc4 25. Nd2 Bxg2 26. O-O-O d5 27. f3 Bh3 28. Rh1
Qb6 29. Bf2 Bxf5 30. Rxh8+ Bxh8 31. b3 Nd3+ 32. Qxd3 Bxd3 33. Bxb6 Bg7 34. Be3
Kd7 35. b4 Kc6 36. Kb2 Bf8 37. a4 Be7 38. Nb1 f5 39. Nd2 f4 40. Bf2 e4 41. fxe4
dxe4 42. Bd4 g4 43. Kc1 e3 44. Nb1 g3 45. Nd2 exd2+ 46. Kxd2 f3 0-1

[Event "AUTO-INT-2396"]
[Site "http://www.queenalice.com/game.php?id=1088944"]
[Date "2012.7.31"]
[Round "1"]
[White "Bunecov"]
[Black "rbivanov"]
[Result "0-1"]
[WhiteElo "1606"]
[BlackElo "1618"]

1. e4 e5 2. d3 Nf6 3. g3 Bc5 4. f3 d6 5. a3 O-O 6. b4 Bd4 7. c3 Bb6 8. Ne2 Be6
9. h4 h6 10. g4 d5 11. a4 a5 12. b5 dxe4 13. dxe4 Qxd1+ 14. Kxd1 Bf2 15. Nd2 Rd8
16. Bh3 Bb3# 0-1

[Event "AUTO-INT-2396"]
[Site "http://www.queenalice.com/game.php?id=1088945"]
[Date "2012.7.31"]
[Round "1"]
[White "rbivanov"]
[Black "Bunecov"]
[Result "0-1"]
[WhiteElo "1634"]
[BlackElo "1590"]

1. e4 e5 2. Nf3 d6 3. Bb5+ c6 4. Ba4 f6 5. Nc3 b5 6. Bb3 a5 7. Bxg8 Rxg8 8. d3
b4 9. Ne2 g6 10. b3 h5 11. h3 Ba6 12. a4 c5 13. O-O g5 14. Bb2 h4 15. Qd2 Nc6
16. c3 Rb8 17. c4 Nd4 18. Bxd4 cxd4 19. Nh2 Bc8 20. Qd1 Bh6 21. Ng4 Bxg4 22.
hxg4 Qd7 23. f3 Bf8 24. Qc2 Rh8 25. Kh2 Rh6 26. g3 hxg3+ 27. Kxg3 Qh7 28. Ng1
Rh1 29. Ra2 Qh4+ 30. Kg2 Rh2# 0-1

[Event "OS INCLIVEIS"]
[Site "http://www.queenalice.com/game.php?id=1100604"]
[Date "2012.9.7"]
[Round "-"]
[White "adelio"]
[Black "Bunecov"]
[Result "1-0"]
[WhiteElo "1701"]
[BlackElo "1591"]

1. f4 e6 2. c4 Bc5 3. Nf3 f6 4. Nc3 c6 5. e4 Na6 6. a3 d6 7. Ra2 e5 8. f5 h5 9.
b4 Bb6 10. Nh4 Bd4 11. Ng6 Rh7 12. d3 Bxc3+ 13. Bd2 Bxd2+ 14. Rxd2 Nh6 15. Qxh5
Qc7 16. g4 Bd7 17. Nxe5+ Kd8 18. Nxd7 Kxd7 19. d4 Re8 20. Bg2 Rhh8 21. g5 fxg5
22. Qxg5 Nf7 23. Qxg7 Kc8 24. Qg4 Reg8 25. Qf3 Ng5 26. Qf4 d5 27. e5 dxc4 28. f6
Ne6 29. Qf5 Qd7 30. d5 cxd5 31. Bxd5 Re8 32. Bxc4 Qc6 33. Bxe6+ Rxe6 34. Rc2
Qxc2 35. Qxc2+ Nc7 36. Qf5 Kd8 37. Kf2 Ke8 38. h3 Kf7 39. Rd1 Rc6 40. Rd7+ Kf8
41. Rd8+ Kf7 42. Rxh8 Nd5 43. Rh7+ Kg8 44. Qg6+ Kf8 45. Qf7# 1-0

[Event "AUTO-INT-2441"]
[Site "http://www.queenalice.com/game.php?id=1104886"]
[Date "2012.9.20"]
[Round "1"]
[White "mrjoe"]
[Black "Bunecov"]
[Result "1-0"]
[WhiteElo "1644"]
[BlackElo "1564"]

1. e4 e5 2. Nf3 d6 3. Bc4 Bg4 4. h3 Bxf3 5. Qxf3 Nf6 6. O-O Nc6 7. Nc3 Nd4 8.
Qd1 c6 9. Ne2 Nxe4 10. Nxd4 exd4 11. Qg4 d5 12. Bd3 h5 13. Qf5 g6 14. Qe5+ Qe7
15. Qxh8 O-O-O 16. Qxd4 a6 17. Bxe4 dxe4 18. Qe3 Qe5 19. d3 Rd4 20. Kh1 Bd6 21.
g3 h4 22. f4 Qc5 23. Qf2 Qd5 24. Be3 hxg3 25. Qxg3 exd3+ 26. Qg2 Re4 27. cxd3
Rxe3 28. Qxd5 cxd5 29. Rad1 Rxh3+ 30. Kg2 Rh4 31. f5 Rg4+ 32. Kh3 Rg5 33. fxg6
fxg6 34. Rc1+ Kb8 35. b3 Rh5+ 36. Kg4 Ka7 37. Rf6 Bb4 38. Rxg6 Rh2 39. Ra1 Rg2+
40. Kf5 Rd2 41. Rg3 Bc3 42. Rc1 d4 43. a3 Ra2 44. a4 Rb2 45. Rxc3 dxc3 46. d4 c2
47. Rc3 Kb6 48. Ke4 Rxb3 49. Rxb3+ Ka5 50. Rc3 Kxa4 51. Rxc2 b5 52. d5 b4 53. d6
b3 54. Rh2 Ka3 55. d7 b2 56. Rxb2 Kxb2 57. d8=Q a5 58. Qxa5 1-0

[Event "AUTO-INT-2441"]
[Site "http://www.queenalice.com/game.php?id=1104887"]
[Date "2012.9.20"]
[Round "1"]
[White "Bunecov"]
[Black "mrjoe"]
[Result "0-1"]
[WhiteElo "1579"]
[BlackElo "1630"]

1. e4 e5 2. Nf3 Nc6 3. Bb5 d6 4. Nc3 Bd7 5. Nd5 a6 6. Bd3 Nf6 7. Bc4 Nxe4 8. d3
Nf6 9. Bg5 h6 10. Bxf6 gxf6 11. c3 Be6 12. Nh4 Bxd5 13. Bxd5 Qd7 14. Qf3 Bg7 15.
Nf5 Rh7 16. Qg4 Kf8 17. Be4 Ne7 18. h3 d5 19. Nxe7 Qxg4 20. hxg4 dxe4 21. Nf5
exd3 22. Rd1 e4 23. O-O h5 24. gxh5 Rxh5 25. Ng3 Re5 26. f4 exf3 27. Rxf3 Rd8
28. Rfxd3 Rxd3 29. Rxd3 f5 30. Rd7 f4 31. Nf1 Rc5 32. Nd2 Be5 33. Ne4 Rc4 34.
Ng5 f6 35. Nh7+ Ke8 36. Rd3 Kf7 37. Rd7+ Kg6 38. Nf8+ Kh5 39. Rh7+ Kg4 40. Rg7+
Kf5 41. g4+ fxg3 42. Kg2 Re4 43. Ng6 Re2+ 44. Kf3 Rxb2 45. Nh4+ Ke6 46. Ke4 f5+
47. Kd3 Bxg7 0-1

[Event "AUTO-INT-2441"]
[Site "http://www.queenalice.com/game.php?id=1104900"]
[Date "2012.9.20"]
[Round "1"]
[White "Bunecov"]
[Black "nonalors"]
[Result "1-0"]
[WhiteElo "1548"]
[BlackElo "1548"]

1. e4 d6 2. d4 Nf6 3. f3 Nbd7 4. Bf4 e5 5. dxe5 Nxe5 6. Bxe5 dxe5 7. Qxd8+ Kxd8
8. Nc3 Bb4 9. Nh3 Bxh3 10. gxh3 Bxc3+ 11. bxc3 Ke7 12. Bc4 Rad8 13. O-O Rd2 14.
Bd3 Nh5 15. Rab1 b6 16. Rb5 Nf4 17. Rxe5+ Kf6 18. Rf5+ Ke6 19. Rxf4 h6 20. Rf2
Rd1+ 21. Rf1 Rxf1+ 22. Kxf1 g5 23. Rg4 Rf8 24. f4 f6 25. f5+ Ke5 26. Ke2 c5 27.
Ke3 Rc8 28. h4 c4 29. Be2 b5 30. hxg5 hxg5 31. h4 gxh4 32. Rxh4 Rg8 33. Rg4 Rh8
34. Rg7 Rh3+ 35. Bf3 a5 36. Rb7 b4 37. cxb4 1-0

[Event "AUTO-INT-2441"]
[Site "http://www.queenalice.com/game.php?id=1104901"]
[Date "2012.9.20"]
[Round "1"]
[White "nonalors"]
[Black "Bunecov"]
[Result "1-0"]
[WhiteElo "1543"]
[BlackElo "1565"]

1. Nf3 f6 2. d4 d5 3. e3 Nc6 4. Bb5 Bd7 5. Nc3 a6 6. Bxc6 Bxc6 7. O-O e6 8. Na4
Bxa4 9. Qe1 Bxc2 10. Qe2 Be4 11. b3 b5 12. Bb2 Nh6 13. Nh4 g5 14. Qh5+ Bg6 15.
Nxg6 hxg6 16. Qxg6+ Nf7 17. g3 Be7 18. f3 Qd6 19. Rac1 O-O-O 20. Qxf7 a5 21. Rc5
Qd7 22. Rxb5 Qxb5 23. Qxe7 Qe2 24. Qxe6+ Rd7 25. Rf2 Qd1+ 26. Kg2 Qb1 27. Qxf6
Qh7 28. Qa6+ Kd8 29. Ba3 Qxh2+ 30. Kf1 Qh3+ 31. Ke2 Ke8 32. Qg6+ Kd8 33. Qf6+
Kc8 34. Qa6+ Kd8 35. Qa8# 1-0

[Event "AUTO-INT-2441"]
[Site "http://www.queenalice.com/game.php?id=1104902"]
[Date "2012.9.20"]
[Round "1"]
[White "Bunecov"]
[Black "norbertokruger"]
[Result "0-1"]
[WhiteElo "1601"]
[BlackElo "1745"]

1. e4 e5 2. Nf3 Nc6 3. Bb5 Bc5 4. c3 Qf6 5. b4 Bxb4 6. cxb4 Nxb4 7. a3 Nc6 8.
Nc3 a6 9. Bxc6 Qxc6 10. O-O d6 11. Nd5 Be6 12. Qb3 Nf6 13. Nb4 Qxc1 14. Raxc1
Bxb3 15. Rxc7 Nxe4 16. Rfc1 O-O 17. Rxb7 a5 18. Nd3 Bd5 19. Rb6 Rfd8 20. g3 Nf6
21. Ng5 e4 22. Nf4 h6 23. Nxd5 Nxd5 24. Rbb1 hxg5 25. Rb5 Ne7 26. Rxg5 a4 27.
Rg4 f5 28. Rf4 g5 29. Rc6 gxf4 0-1

[Event "AUTO-INT-2466"]
[Site "http://www.queenalice.com/game.php?id=1114560"]
[Date "2012.10.21"]
[Round "1"]
[White "Gabriel_HD"]
[Black "Bunecov"]
[Result "1-0"]
[WhiteElo "1581"]
[BlackElo "1551"]

1. e4 e5 2. Nf3 d6 3. Nc3 c6 4. Be2 f6 5. d4 exd4 6. Qxd4 Nd7 7. Bf4 g5 8. Bxg5
c5 9. Qd5 fxg5 10. Nxg5 h6 11. Qf7# 1-0

[Event "AUTO-INT-2466"]
[Site "http://www.queenalice.com/game.php?id=1114561"]
[Date "2012.10.21"]
[Round "1"]
[White "Bunecov"]
[Black "Gabriel_HD"]
[Result "0-1"]
[WhiteElo "1501"]
[BlackElo "1799"]

1. e4 e5 2. Nf3 Nc6 3. c3 Nf6 4. d3 d5 5. exd5 Qxd5 6. b4 Bg4 7. h3 Bxf3 8. Qxf3
Rd8 9. Be2 Qd6 10. a4 h6 11. Ba3 Qd5 12. b5 Na5 13. Bxf8 Rxf8 14. c4 Qd4 15. Nd2
Qxa1+ 16. Bd1 Qc3 17. Qe3 Rxd3 18. Qe2 Nxc4 19. O-O Nxd2 20. Re1 Nfe4 21. f3 Ng5
22. Qxe5+ Qxe5 23. Rxe5+ Kd7 24. Bc2 Rd4 25. Bf5+ Kd6 26. Re1 Rxa4 27. Rd1 Ra2
28. h4 Ne6 0-1

[Event "AUTO-INT-2466"]
[Site "http://www.queenalice.com/game.php?id=1114576"]
[Date "2012.10.21"]
[Round "1"]
[White "elson09"]
[Black "Bunecov"]
[Result "0-1"]
[WhiteElo "1331"]
[BlackElo "1511"]

1. e4 e5 2. Nf3 d6 3. Bc4 Nc6 4. a3 h6 5. O-O b6 6. h3 g5 7. d3 Bg7 8. Nc3 a6 9.
g3 Na5 10. b4 Nxc4 11. dxc4 Bxh3 12. Re1 Bg4 13. Be3 Qf6 14. Nd5 Qd8 15. a4 Nf6
16. b5 Nxd5 17. Qxd5 Bxf3 18. Qc6+ Kf8 19. Qb7 f5 20. bxa6 Bxe4 21. Bxg5 hxg5
22. Rxe4 fxe4 23. a7 Kf7 24. a5 bxa5 25. Rxa5 Qd7 26. Qd5+ Kg6 27. g4 Qxg4+ 28.
Kf1 Rh1# 0-1

[Event "AUTO-INT-2466"]
[Site "http://www.queenalice.com/game.php?id=1114577"]
[Date "2012.10.21"]
[Round "1"]
[White "Bunecov"]
[Black "elson09"]
[Result "0-1"]
[WhiteElo "1536"]
[BlackElo "1312"]

1. e4 e5 2. d3 Nc6 3. c3 Nf6 4. f3 Be7 5. a3 O-O 6. b4 h6 7. Be3 d5 8. exd5 Nxd5
9. Bc5 Bxc5 10. bxc5 Bf5 11. c4 Ne3 12. Qe2 Qd4 13. Ra2 Bxd3 14. Qb2 Nc2+ 15.
Kd1 Ne3+ 16. Kd2 Nxf1+ 17. Kc1 Qe3+ 18. Nd2 Qe1# 0-1

[Event "AUTO-INT-2466"]
[Site "http://www.queenalice.com/game.php?id=1114588"]
[Date "2012.10.21"]
[Round "1"]
[White "Bunecov"]
[Black "ismaelpereira"]
[Result "0-1"]
[WhiteElo "1520"]
[BlackElo "1435"]

1. e4 e5 2. d3 Nf6 3. g3 Bb4+ 4. c3 Bc5 5. b4 Bb6 6. h4 d5 7. exd5 Qxd5 8. f3
Bg4 9. Bg2 Bf5 10. g4 Bxd3 11. Nd2 O-O 12. a4 c5 13. a5 Bd8 14. Bf1 cxb4 15.
cxb4 Nc6 16. Ba3 e4 17. fxe4 Nxe4 18. Nxe4 Qxe4+ 19. Be2 Qxh1 20. Kf1 Bf6 21.
Rc1 Bd4 22. Bxd3 Bxg1 23. b5 Nxa5 24. Bxf8 Kxf8 25. Ke2 Qg2+ 26. Ke1 Re8+ 27.
Be2 Be3 28. Ra1 Qg3+ 29. Kf1 b6 30. Qe1 Qh2 31. Bf3 Bd4 32. Be4 Bxa1 33. Qxa1
Rxe4 34. Qa3+ Re7 35. h5 Nc4 36. Qd3 Ne3+ 37. Ke1 Nxg4+ 38. Kf1 Ne3+ 39. Ke1
Nc4+ 40. Kf1 Qh1+ 41. Kf2 Qh4+ 42. Kg2 Ne3+ 43. Kf3 Qxh5+ 44. Kf2 Nd1+ 45. Kg3
Re3+ 46. Qxe3 Nxe3 0-1

[Event "AUTO-INT-2466"]
[Site "http://www.queenalice.com/game.php?id=1114589"]
[Date "2012.10.21"]
[Round "1"]
[White "ismaelpereira"]
[Black "Bunecov"]
[Result "1-0"]
[WhiteElo "1446"]
[BlackElo "1497"]

1. e4 e5 2. d4 exd4 3. Qxd4 Nc6 4. Qe3 Nf6 5. e5 Ng8 6. Nf3 Nb4 7. Qd2 f6 8. Nc3
fxe5 9. Nxe5 g6 10. a3 Nc6 11. f4 Nxe5 12. fxe5 c6 13. Ne4 d5 14. Ng5 Be7 15. h4
Bxg5 16. hxg5 Bf5 17. Qf2 Qe7 18. Qe3 Be4 19. Qg3 h5 20. Bd2 Bxc2 21. Bb4 Qe6
22. Rc1 Be4 23. Qf4 O-O-O 24. Rh2 Ne7 25. g4 Rhf8 26. Qe3 Qxe5 27. gxh5 Qxh2 28.
Bxe7 Rf3 29. Qe2 Qxh5 30. Bxd8 Kxd8 31. Bg2 Qxg5 32. Rd1 Re3 33. Bxe4 Rxe4 34.
Qxe4 Qg1+ 35. Kd2 Qxd1+ 36. Kxd1 dxe4 37. Kd2 Kd7 38. Ke3 Kd6 39. Kxe4 Kc5 40.
Ke5 b5 41. Kf6 Kc4 42. Kxg6 c5 43. Kf5 a5 44. Ke4 a4 45. Ke3 Kb3 46. Kd2 Kxb2
47. Kd1 Kxa3 48. Kc1 b4 49. Kb1 b3 50. Ka1 b2+ 51. Kb1 c4 52. Kc2 Ka2 53. Kc3
b1=Q 54. Kxc4 1-0